000 00522nam a22001577a 4500
008 140116b xxu||||| |||| 00| 0 alb d
020 _a9789994346059
080 _a378.2
100 1 _aEco, Umberto
245 1 0 _aSi shkruhet një punim diplome :
_cUmberto Eco ; përktheu Shpëtim Çuçka
260 _a[Tiranë] :
_b"Dituria" ;
_c2006.
300 _a260 f. :
_bme il. ;
_c21 cm.
650 _aArsimi i lartë
_xPunim diplome
_xMetodologjia
700 _aÇuçka, Shpëtim (përkthyes)
942 _2udc
_cBK
999 _c394
_d394